书目信息 |
| 题名: |
现代控制理论
|
|
| 作者: | 刘豹 主编 | |
| 分册: | ||
| 出版信息: | 北京 机械工业出版社 |
|
| 页数: | 301页 | |
| 开本: | 24cm | |
| 丛书名: | ||
| 单 册: | ||
| 中图分类: | TP231 | |
| 科图分类: | ||
| 主题词: | 自动化装置 , 自动化设备 | |
| 电子资源: | ||
| ISBN: | 978-7-111-03103-1 | |
| 000 | 00564nam0 2200193 450 | |
| 001 | 2456652688 | |
| 005 | 20241015163827.90 | |
| 010 | @a978-7-111-03103-1@d¥24.00 | |
| 100 | @a20241015d km y0chiy0120 ea | |
| 101 | 0 | @achi |
| 200 | 1 | @a现代控制理论@AXian Dai Kong Zhi Li Lun@f刘豹主编@FLiu Bao Zhu Bian |
| 210 | @a北京@c机械工业出版社 | |
| 215 | @a301页@d24cm | |
| 606 | 0 | @a自动化装置 |
| 606 | 0 | @a自动化设备 |
| 690 | @aTP231@v4 | |
| 701 | 0 | @a刘豹@ALiu Bao@4主编 |
| 801 | 0 | @aCN@b大连网信软件有限公司图书馆·11@c20241015 |
| 905 | @aZUCC@b6105261@dTP231@e644@f1 | |
| 现代控制理论/刘豹主编.-北京:机械工业出版社 |
| 301页;24cm |
| ISBN 978-7-111-03103-1:¥24.00 |
| ● |
| 相关链接 |
|
|
|
|
正题名:现代控制理论
索取号:TP231/644
 
预约/预借
| 序号 | 登录号 | 条形码 | 馆藏地/架位号 | 状态 | 备注 |
| 1 | 6105261 | 261052611 | 密集书库—计算机科学学院/ [索取号:TP231/644] | 在馆 |